000 00651nam a2200253Ia 4500
003 OSt
005 20221007074119.0
006 a|||||r|||| 00| 0
007 ta
008 221006b |||||||| |||| 00| 0 eng d
024 _a20,267
037 _cReference Collections
040 _aFLL
_cFLL
_beng
041 _2eng
_aeng
082 _aX:9:Z2, N9.1
100 _aMalik P.L. Au.
245 0 _aIndustrial law
250 _a18th
260 _aLucknow
_bIndustrial law India
_c1999
300 _a1266p
_ccm.
490 _vVol.1
942 _hX:9:Z2, N9.1
_cREF
_2CC
999 _c1151197
_d1151197